Z 15. mezinárodní konference o statistice práce. Nová doporučení a standardy.
Zber a poskytovanie údajov pre štatistiku práce. Tvorba medzinárodne platných štandardov. Pomoc členským krajinám Medzinárodnej organizácie práce a budúce aktivity sekcie štatistiky tejto organizácie.
Gespeichert in:
| 1. Verfasser: | |
|---|---|
| Format: | Buchkapitel |
| Sprache: | Tschechisch |
| Schlagworte: | |
| Tags: |
Keine Tags, Fügen Sie das erste Tag hinzu!
|
MARC
| LEADER | 00000naa a2200000 4500 | ||
|---|---|---|---|
| 001 | r013231 | ||
| 005 | 20221213083136.7 | ||
| 041 | 0 | |a cze | |
| 044 | |a CZ | ||
| 245 | 1 | 0 | |a Z 15. mezinárodní konference o statistice práce. |b Nová doporučení a standardy. |c E. Tykačová |
| 520 | |a Zber a poskytovanie údajov pre štatistiku práce. Tvorba medzinárodne platných štandardov. Pomoc členským krajinám Medzinárodnej organizácie práce a budúce aktivity sekcie štatistiky tejto organizácie. | ||
| 610 | 2 | 0 | |a štatistika práce |
| 610 | 2 | 0 | |a MOP |
| 610 | 2 | 0 | |a konferencie |
| 610 | 2 | 0 | |a normy pracovné |
| 610 | 2 | 0 | |a normovanie práce |
| 100 | 1 | |a Tykačová, E. | |